01942nam a2200409 a 4500001000200000003000900002005001700011008004100028020001800069040002300087049000600110082003000116092000900146100002900155245013800184260003800322300002100360490005300381500007600434504000600510504003000516505031100546586006500857590002600922600006700948650002401015650005801039650002601097651008701123700004001210700002901250710007201279910001501351942001201366952013701378999001701515 DO-SdBNP20220225122013.0140319s2013 dr 000 0 spa d a9789945412918 aBPMSUbspac BPMSU a  aRD864.508bD542f 2013222 a b 1 aDíaz, Ramón Leonardo13aLa filosofía y los espacios de libertad :by otros ensayos /cRamón Leonardo Díaz, Pauline Kulstad González, Juan de la Cruz. aSanto Domingo :bFUNGLODE,c2013. a227 p. ;c23 cm.0 aPremio FUNGLODE de Ensayo Pedro Francisco Bonó aIncluye referencias bibliográficas y notas al pie de las páginas  a  aBibliografía p: 223-2270 tLa filosofía y los espacios de libertad /rRamón Leonardo Díaz --tInteracción y organización social en el período colonial temprano: el caso de Concepción de la Vega (1495-1564) /rPauline Kulstad González --tLa filosofía política y jurídica de Juan Pablo Duarte /rJuan de la Cruz. aPremios FUNGLODE/GFDD de Ensayo Pedro Francisco Bonó 2012. 6Inventariado, 2021/VM14aDuarte y Diez, Juan Pablo d1813-1876xPensamiento político  4aEnsayos dominicanos 4aFilosofía dominicana xEnsayos, conferencias, etc.  4aLiteratura dominicana 4aLa Vega (República Dominicana)xHistoria yGobierno colonial español 1503-179512aKulstad González, Pauline,d1971-12aCruz, Juan de la,d1963-12aFundación Global Democracia y Desarrollo (República Dominicana) aVMateo V.  2ddccBK 00102ddc40708CDaBPMETbBPMETd2021-07-15eFUNGLODEl0oBPMSU CD RD864.508 D542f 2013pBPMSU21070001r2021-07-15w2021-07-15yBK c13570d13570